Ballon d‘Or 2025 (Einfach) - Statistiken

Allgemein
  • Dieses Quiz wurde 78 mal gespielt
  • Das Durchschnittsergebnis liegt bei 16 aus 30
Antwortstatistiken
Platzierung Klub Spieler % Korrekt
1 Paris Saint-Germain Ousmane Dembele
100%
2 FC Barcelona Lamine Yamal
97%
4 FC Liverpool Mohamed Salah
86%
5 FC Barcelona Raphinha
82%
3 Paris Saint-Germain Vitinha
80%
8 FC Chelsea Cole Palmer
71%
7 Real Madrid Kylian Mbappe
71%
9 Paris Saint-Germain / Manchester City Gianluigi Donnarumma
67%
13 FC Bayern München Harry Kane
67%
11 FC Barcelona Pedri
62%
16 Real Madrid Vinicius Junior
58%
21 Borussia Dortmund Serhou Guirassy
56%
15 Sporting Lissabon / FC Arsenal Viktor Gyökeres
56%
6 Paris Saint-Germain Achraf Hakimi
55%
20 Inter Mailand Lautaro Martinez
52%
10 Paris Saint-Germain Nuno Mendes
52%
30 FC Bayern München Michael Olise
48%
17 FC Barcelona Robert Lewandowski
45%
26 Manchester City Erling Haaland
41%
14 Paris Saint-Germain Desire Doue
36%
18 SSC Napoli Scott McTominay
36%
27 FC Arsenal Declan Rice
35%
23 Real Madrid Jude Bellingham
30%
12 Paris Saint-Germain Khvicha Kvaratskhelia
30%
19 Paris Saint-Germain Joao Neves
27%
28 FC Liverpool Virgil van Dijk
26%
25 Inter Mailand Denzel Dumfries
23%
24 Paris Saint-Germain Fabian Ruiz
23%
29 FC Liverpool Florian Wirtz
23%
22 FC Liverpool Alexis Mac Allister
20%
Keine übereinstimmenden Quizze gefunden
Verteilung der Resultate
Anzahl Personen mit jedem Resultat
Perzentil nach korrekt beantworteten Fragen
Ihre Resultats-Entwicklung
Sie haben dieses Quiz noch nicht gespielt